Score 0/26 Timer 10:00
0 Plays Today
Hint: Answer: % Correct
You run into these and die.Wall
85.7%
Comes from trees.Wood
85.7%
Wait five seconds... Boom!Bomb
85.7%
What you control.The ball
71.4%
The second boss is the_____Creators hand
71.4%
Up. Down.up.down.Arrows
57.1%
Makes you slowly die.Fire
57.1%
Faster!Speed
57.1%
Hard to beat. It's on level 50.Boss
57.1%
Tries to shoot you.Laser guns
57.1%
Ninth realms name.Doxinark 2
57.1%
Gets you to the next level.Box
42.9%
Third realms name.Ritoparn
42.9%
Hint: Answer: % Correct
Fourth realms name.Darkinard
42.9%
Fifth realms name.Illithidae
42.9%
Slooooower...Slow powerup
42.9%
Makes you heavy.Heavy powerup
42.9%
Second realms name.Liliatha
28.6%
Click,click,click,boom!Dynamite pump
28.6%
Weightless power up.No gravity
28.6%
Barrier. Shoot it to remove itShield
28.6%
Eighth realms nameEliminais
28.6%
Like answer #1. Except it movesMoving walls
28.6%
Makes you turn black.Blackout
28.6%
Tenth realms nameQuestiqua
28.6%
Seventh realms name.Dimensiov
14.3%

You're not logged in!

Compare scores with friends on all Sporcle quizzes.
OR
Log In

Sporcle TV

Today on Sporcle TV


Watch our educational content, quiz creation guides, and fun videos on Sporcle TV.

Show Comments

Extras

Created Oct 10, 2013ReportNominate
Tags:ball, four, item, Revamped

Top Quizzes Today


Score Distribution

Paid Content

Your Account Isn't Verified!

In order to create a playlist on Sporcle, you need to verify the email address you used during registration. Go to your Sporcle Settings to finish the process.

Report this User

Report this user for behavior that violates our Community Guidelines.

Details: